| 000 | 01261nam a22003254a 4500 | ||
|---|---|---|---|
| 001 | ebr10005732 | ||
| 003 | CaPaEBR | ||
| 006 | m u | ||
| 007 | cr cn||||||||| | ||
| 008 | 010116s2001 enk sb 001 0 eng | ||
| 010 | _z 2001018481 | ||
| 020 | _z0521800374 (hbk.) | ||
| 040 |
_aCaPaEBR _cCaPaEBR |
||
| 035 | _a(OCoLC)56761505 | ||
| 050 | 1 | 4 |
_aB5802.A89 _bS44 2001eb |
| 082 | 0 | 4 |
_a181/.06 _221 |
| 100 | 1 |
_aSeeskin, Kenneth, _d1947- |
|
| 245 | 1 | 0 |
_aAutonomy in Jewish philosophy _h[electronic resource] / _cKenneth Seeskin. |
| 260 |
_aCambridge ; _aNew York : _bCambridge University Press, _c2001. |
||
| 300 | _axii, 255 p. | ||
| 504 | _aIncludes bibliographical references (p. 239-250) and index. | ||
| 533 |
_aElectronic reproduction. _bPalo Alto, Calif. : _cebrary, _d2013. _nAvailable via World Wide Web. _nAccess may be limited to ebrary affiliated libraries. |
||
| 650 | 0 | _aAutonomy (Philosophy) | |
| 650 | 0 | _aJewish philosophy. | |
| 650 | 0 |
_aAutonomy (Psychology) _xReligious aspects _xJudaism. |
|
| 650 | 0 | _aJewish philosophers. | |
| 655 | 7 |
_aElectronic books. _2local |
|
| 710 | 2 | _aebrary, Inc. | |
| 856 | 4 | 0 |
_uhttp://site.ebrary.com/lib/rucke/Doc?id=10005732 _zAn electronic book accessible through the World Wide Web; click to view |
| 999 |
_c3434 _d3434 |
||